Library Banner

Applied multivariate statistical analysis (Record no. 39174)

MARC details
000 -LEADER
fixed length control field 00508nam a2200193Ia 4500
001 - CONTROL NUMBER
control field 39870
008 - FIXED-LENGTH DATA ELEMENTS--GENERAL INFORMATION
fixed length control field 140423s9999 xx 000 0 und d
020 ## - INTERNATIONAL STANDARD BOOK NUMBER
International Standard Book Number 9788131722220
040 ## - CATALOGING SOURCE
Transcribing agency PK-LaUMT
082 ## - DEWEY DECIMAL CLASSIFICATION NUMBER
Classification number 519.53
Item number JOH-A
100 ## - MAIN ENTRY--PERSONAL NAME
Personal name Johnson, Richard A.
245 ## - TITLE STATEMENT
Title Applied multivariate statistical analysis
Statement of responsibility, etc Johnson, Richard A.<>Wichern, Dean W.
250 ## - EDITION STATEMENT
Edition statement 6th
260 ## - PUBLICATION, DISTRIBUTION, ETC. (IMPRINT)
Place of publication, distribution, etc New Delhi,India:
Name of publisher, distributor, etc Pearson,
Date of publication, distribution, etc 2008
300 ## - PHYSICAL DESCRIPTION
Extent 793 p.
546 ## - LANGUAGE NOTE
Language note EN
700 ## - ADDED ENTRY--PERSONAL NAME
Personal name Wichern, Dean W.
942 ## - ADDED ENTRY ELEMENTS (KOHA)
Koha item type Books
Holdings
Withdrawn status Lost status Damaged status Not for loan Home library Current library Date acquired Total Checkouts Full call number Barcode Date last seen Date checked out Price effective from Koha item type
        UMT Main Campus UMT Main Campus 2014-04-23 5 519.53 JOH-A 42783 2019-08-01 2019-04-03 2014-05-05 Books